000 00630nam a22002177a 4500
005 20250820164116.0
008 250820b |||||||| |||| 00| 0 eng d
037 _cTB
040 _aCRL
_cCRL
041 _2eng
_aeng
084 _aQ1x P5
_qCRL
100 _aNaganand, Madhuri
_9818260
245 _aVedakusumanjali
260 _aBengaluru, India:
_bCocoon Creative Concepts,
_c2005.
300 _a509p.
365 _b450.00
_cINR
650 _aReligion
650 _aVedas
942 _2CC
_cTB
_hQ1x P5
_n0
999 _c1434816
_d1434816